Quo vadis. Tập 1

Bewaard in:
Bibliografische gegevens
Formaat: Boek
Taal:Vietnamese
Gepubliceerd in: Văn Học 1995
Onderwerpen:
Tags: Voeg label toe
Geen labels, Wees de eerste die dit record labelt!
Thư viện lưu trữ: Mạng thư viện Đại học Đà Nẵng
LEADER 00975nam a2200301 a 4500
001 000003685
003 00397
005 20171229145311.0
008 171229s1995 vie
040 |a LSK 
041 0 |a VIE 
082 0 |a 891.8  |b SI-H 
245 0 0 |a Quo vadis. Tập 1  |c H.Sienkievich; Nguyễn Hữu Dũng dịch và giới thiệu 
260 |b Văn Học  |c 1995 
300 |a 520 pages  |c 19 cm. 
653 |a Văn học - Ba Lan - Tiểu thuyết 
852 |a Phòng Đọc 
901 |a 2 
927 |a Sách tham khảo 
OWN |a LSK 
AVA |a UDN50  |b LSK  |d 891.8 SI-H  |e available  |t Error 5001 Not defined in file expand_doc_bib_avail.  |f 2  |g 0  |h N  |i 0  |k 1 
999 |a From the UDN01 
AVA |a UDN50  |b LSK  |d 891.8 SI-H  |e available  |t Error 5001 Not defined in file expand_doc_bib_avail.  |f 2  |g 0  |h N  |i 0  |k 1 
TYP |a Monograph 
TYP |a Printed language 
980 |a Mạng thư viện Đại học Đà Nẵng